000 00624nam a2200193 i 4500
001 107651
003 ES-MaACL
005 20230906184450.0
007 t|
008 061121s1972 sp ||||1| spa d
100 1 _aMorenés y Areces, Luis.
_983261
245 1 0 _aItalianos en el Camino de Santiago /
_cLuis Morenés y Areces.
260 _aMadrid :
_b[s.n.],
_c1972.
300 _aP. 95-104 ;
_c24 cm.
595 _aPublicado en: Estudios Turísticos, n. 34, p. 95-104.
650 4 _aPeregrinaciones cristianas-
_zSantiago de Compostela.
_915937
651 4 _aCamino de Santiago.
_97929
852 _aES-MaACL
_j2083-F-3
999 _c107651
_d107651